Statistics for Fenerbahçe Goalkeeper By Year

Click here to take the quiz!

General Stats

  • This quiz has been taken 488 times
    (213 since last reset)
  • The average score is 29 of 44

Answer Stats

SeasonGoalkeeper% Correct
2022-23Altay Bayındır
96%
2021-22Altay Bayındır
96%
2020-21Altay Bayındır
96%
2019-20Altay Bayındır
96%
2003-04Volkan Demirel
96%
2005-06Volkan Demirel
96%
2006-07Volkan Demirel
96%
2007-08Volkan Demirel
96%
2008-09Volkan Demirel
96%
2009-10Volkan Demirel
96%
2010-11Volkan Demirel
96%
2011-12Volkan Demirel
96%
2012-13Volkan Demirel
96%
2013-14Volkan Demirel
96%
2014-15Volkan Demirel
96%
2015-16Volkan Demirel
96%
2016-17Volkan Demirel
96%
2017-18Volkan Demirel
96%
1996-97Rüştü Reçber
85%
1995-96Rüştü Reçber
85%
1997-98Rüştü Reçber
85%
1998-99Rüştü Reçber
85%
2000-01Rüştü Reçber
85%
1999-00Rüştü Reçber
85%
2002-03Rüştü Reçber
85%
2004-05Rüştü Reçber
85%
2001-02Rüştü Reçber
85%
2018-19Harun Tekin
66%
1990-91Toni Schumacher
46%
1988-89Toni Schumacher
46%
1989-90Toni Schumacher
46%
1991-92Engin İpekoğlu
23%
1992-93Engin İpekoğlu
23%
1993-94Engin İpekoğlu
23%
1994-95Engin İpekoğlu
23%
1985-86Yaşar Duran
11%
1984-85Yaşar Duran
11%
1983-84Yaşar Duran
11%
1982-83Yaşar Duran
11%
1981-82Yaşar Duran
11%
1987-88Živan Ljukovčan
9%
1986-87Živan Ljukovčan
9%
1980-81Adem İbrahimoğlu
8%
1979-80Adem İbrahimoğlu
8%

Score Distribution

Percentile by Number Answered

Percent of People with Each Score

Your Score History

You have not taken this quiz since the last reset